00333nam a2200133Ia 4500008004100000082001300041100001500054245004000069250000800109260003200117300001200149500002400161650001400185230524s9999 xx 000 0 und d a530bTAN aO.P.Tandon 0aInorganic Chemistry for Competition a7TH aNEW DELHIbG.R.Bathlac2006 aXII;861 aQuantity Number: 2 aChemistry